Introduction to computers and data processing
Sparad:
| Huvudupphovsman: | |
|---|---|
| Materialtyp: | Bok |
| Språk: | Undetermined |
| Publicerad: |
Brea, California
Anaheim
1980
|
| Ämnen: | |
| Taggar: |
Lägg till en tagg
Inga taggar, Lägg till första taggen!
|
| Thư viện lưu trữ: | Trung tâm Học liệu Trường Đại học Cần Thơ |
|---|
| LEADER | 00562nam a2200181Ia 4500 | ||
|---|---|---|---|
| 001 | CTU_43187 | ||
| 008 | 210402s9999 xx 000 0 und d | ||
| 082 | |a 004 | ||
| 082 | |b S545 | ||
| 100 | |a Gary B Shelly | ||
| 245 | 0 | |a Introduction to computers and data processing | |
| 245 | 0 | |c Gary B Shelly, Thomas J Cashman | |
| 260 | |a Brea, California | ||
| 260 | |b Anaheim | ||
| 260 | |c 1980 | ||
| 650 | |a electronic data processing,programming languages ( electronic computers ) | ||
| 904 | |i Minh, 010830 | ||
| 980 | |a Trung tâm Học liệu Trường Đại học Cần Thơ | ||